000 00494nam a22002057a 4500
003 koha_MIRAKIL
005 20231213095946.0
008 231213b |||||||| |||| 00| 0 ||| d
020 _b978-9-75385000-1
040 _aTR-IsEVY
_btur
_cTR-IsEVY
082 _a891.7342 GOR/A
100 _aGorki, Maksim.
245 0 _aArkadaş
250 _a11. bs.
260 _bOda Yayınları,
_c2013
300 _a159 s.
650 _aRus romanı.
650 _aRussian fiction.
942 _2ddc
_cBK
999 _c12228
_d12228